000 01055nam a2200325Ia 4500
001 Z_3441
003 CHAP
008 220113s2000 xx 000 0 und d
010 _a166562
040 _cCHAP
090 _aTesis B 1487
100 _aBaeza López, Jorge
_99391
245 _aEfecto de la enzima fitasa en la utilización del fósforo fitico en dietas a base de sorgo, gluten y soya en pollo de engorda (1-21 días) /
_cpor Jorge Baeza López y Abel Mendoza Caballero
260 _aChapingo, Méx. :
_bEl autor,
_c2000
300 _a49 h. ; cuadros
502 _aTesis (Ing. Agr. Esp. en Zootecnia) -- UACH. Departamento de Zootecnia
650 _aAves de corral
_x
_xEngorda
_9140625
650 _aFitasa
_941151
650 _aFósforo
_x
_xEfecto en
_9140631
650 _aFósforo
_x
_xEfecto en sorgo
_9140632
650 _aGluten
_948338
650 _aSoya
_9109013
700 _aMendoza Caballero, Abel
_974612
901 _aTESIS B 1487
902 _aM
910 _a2000
942 _c2
942 _c2
999 _c166562
_d166562